000 00565nam a2200205Ia 4500
003 OSt
005 20220926005943.0
006 a|||||r|||| 00| 0
007 ta
008 220923b |||||||| |||| 00| 0 eng d
037 _cGeneral Book
040 _aRTL
_cRTL
_beng
041 _2eng
_aeng
082 _aXM5:(Z2).N88, M8/TD
245 0 _aCompanies Act.
260 _a New Delhi
_bThe Institute of company secretaries of india
_c1988
300 _axxx,530p.
_ccm.
942 _hXM5:(Z2).N88, M8/TD
_cGB
_2CC
999 _c615881
_d615881